000 00289nam a2200145Ia 4500
100 _aLi
650 _aResearch methods
942 _cBK
366 _f25
654 _aresearch methods
245 _aResearch methods in Education
260 _bsage
082 _bLI
546 _aENGLISH
999 _c32352
_d32352